000 00525nam a2200181Ia 4500
001 14065
005 20260306164847.0
008 260306t2021||||xx |||||||||||||| ||spa||
041 _aESP
082 _a006.3
_bY945
100 _aYıldırım, Savaş,
_eAUT
245 0 _aMastering transformers :
_bbuild state-of-the-art models from scratch with advanced natural language processing techniques
260 _c2021
300 _axvi, 357 páginas :
_c24 cm.
650 _aGEN
654 _aCCC
942 _cLIB
_dJUS
_fJUS
_2ddc
_n
999 _c14065
_d14065